[Event "Druzynowe Mistrzostwa Polski Juniorow - Ekstraliga"]
[Site "Osrodek Wczasowo - Szkoleniowy "Relax" ul. Stroma 20, 43-450 Ustron"]
[Date "2011-07-01"]
[Round "8.23"]
[White "Gluszko, Monika"]
[Black "Tarnowska, Aleksandra"]
[Result "1-0"]
[WhiteTitle "I++"]
[BlackTitle "I"]
[WhiteElo "2040"]
[BlackElo "1814"]

1. e4 c5 2. Nf3 e6 3. d4 cxd4 4. Nxd4 a6 5. Bd3 Bc5 6. Nb3 Be7 7. Nc3 d6 8. O-O
Nd7 9. f4 Ngf6 10. Qf3 Qc7 11. a4 b6 12. Bd2 Bb7 13. Rae1 g6 14. Qh3 h5 15. e5
dxe5 16. fxe5 Ng4 17. Qg3 Ndxe5 18. Bf4 Bd6 19. Be4 h4 20. Qh3 f5 21. Bxb7 Qxb7
22. Ne2 Kf7 23. Ned4 Rae8 24. Kh1 Nc4 25. Bxd6 Nxd6 26. Qxg4 e5 27. Ne2 h3 28.
Qf3 e4 29. Qg3 hxg2+ 30. Qxg2 Rh6 31. Nf4 Reh8 32. h3 Kf6 33. Qd2 Nf7 34. Qd4+
Ke7 35. Re3 g5 36. Nd5+ Kf8 37. Rxf5 Rxh3+ 38. Rxh3 Rxh3+ 39. Kg2 Rh4 40. Qxb6
Qd7 41. Qf6 Rg4+ 42. Kf1 Rh4 43. Nc5 1-0

[Event "Druzynowe Mistrzostwa Polski Juniorow - Ekstraliga"]
[Site "Osrodek Wczasowo - Szkoleniowy "Relax" ul. Stroma 20, 43-450 Ustron"]
[Date "2011-07-01"]
[Round "8.24"]
[White "Szymczak, Paula"]
[Black "Pastuszko, Kinga"]
[Result "0-1"]
[WhiteTitle "I"]
[BlackTitle "I++"]
[WhiteElo "1705"]
[BlackElo "1862"]

1. e4 d5 2. exd5 Qxd5 3. Nc3 Qa5 4. d4 Nf6 5. Nf3 Nc6 6. Be2 Bg4 7. h3 Bh5 8. Be3
O-O-O 9. O-O e6 10. a3 Nd5 11. Nxd5 Qxd5 12. c4 Qd7 13. b4 Bxf3 14. Bxf3 Nxd4
15. Bxd4 Qxd4 16. Qa4 Be7 17. c5 Bxc5 18. Rac1 Bb6 19. Qb3 Kb8 20. a4 c6 21. a5
Bc7 22. Rc4 Qd6 23. g3 Qd3 24. Rc3 Qf5 25. Kg2 h5 26. Rc5 Qd3 27. Rc3 Qd6 28.
b5 c5 29. Rfc1 b6 30. axb6 Bxb6 31. Qa4 Rc8 32. Qe4 Qd5 33. Qf4+ e5 34. Qf5 g6
35. Qf6 Qe6 36. Qg5 f5 37. Qe3 e4 38. Be2 Rhd8 39. Bc4 Qf6 40. Ra3 Kb7 41. Rca1
Qd4 42. Qh6 Rc7 43. Ra4 Qf6 44. Qe3 Rd4 45. Qb3 Qd6 46. R4a2 Rd7 47. Ra6 Rd8 48.
Qa2 Ra8 49. Qb3 e3 50. R6a2 exf2 51. Rxf2 Rd2 52. Qe3 Rxf2+ 53. Kxf2 Rd8 54. Qf3+
Kb8 55. Ra4 Qd4+ 56. Kg2 Re8 57. Bd5 Qxa4 58. Ba8 Qc2+ 59. Kf1 Qc1+ 60. Kg2 Qd2+
0-1

[Event "Druzynowe Mistrzostwa Polski Juniorow - Ekstraliga"]
[Site "Osrodek Wczasowo - Szkoleniowy "Relax" ul. Stroma 20, 43-450 Ustron"]
[Date "2011-07-01"]
[Round "8.25"]
[White "Popiol, Michal"]
[Black "Dowgird, Filip"]
[Result "1-0"]
[WhiteTitle "II"]
[BlackTitle "k"]
[WhiteElo "1821"]
[BlackElo "2110"]

1. d4 e6 2. c4 f5 3. Nf3 Nf6 4. g3 Bb4+ 5. Bd2 Bxd2+ 6. Nbxd2 b6 7. Bg2 Bb7 8.
O-O O-O 9. Qc2 Qe7 10. Rac1 c5 11. e3 Nc6 12. Rfd1 Ne4 13. dxc5 bxc5 14. a3 Nf6
15. Nb1 d6 16. Nc3 Rad8 17. Ne1 Ng4 18. Qa4 Rc8 19. Nb5 Rfd8 20. Nxa7 Nxa7 21.
Qxa7 Rc7 22. Qa4 Qf6 23. b4 cxb4 24. Qxb4 Qh6 25. h4 Bxg2 26. Rxd6 Rcd7 27. Rxd7
Rxd7 28. Kxg2 Nxe3+ 29. Kg1 Ng4 30. Qb8+ Kf7 31. Qf4 Qf6 32. c5 e5 33. Qc4+ Kg6
34. c6 Rc7 35. Nd3 Qd6 36. Nb4 Qd2 37. Qe6+ Nf6 38. Rf1 Qd4 39. Na6 f4 40. Nxc7
fxg3 41. h5+ Kh6 42. Qh3 Nxh5 43. Ne6 Qc3 44. fxg3 Qe3+ 45. Rf2 Qc1+ 46. Kh2 1-0

[Event "Druzynowe Mistrzostwa Polski Juniorow - Ekstraliga"]
[Site "Osrodek Wczasowo - Szkoleniowy "Relax" ul. Stroma 20, 43-450 Ustron"]
[Date "2011-07-01"]
[Round "8.26"]
[White "Mondrzycki, Bartlomiej"]
[Black "Tomsia, Kamil"]
[Result "1/2-1/2"]
[WhiteTitle "I"]
[BlackTitle "I+"]
[WhiteElo "2048"]
[BlackElo "2090"]

1. d4 Nf6 2. Nf3 g6 3. c4 d5 4. cxd5 Nxd5 5. e4 Nb6 6. h3 Bg7 7. Nc3 O-O 8. Be2
N8d7 9. O-O e5 10. dxe5 Nxe5 11. Qc2 Be6 12. Nxe5 Bxe5 13. f4 Bg7 14. f5 Bd7 15.
Bf4 Qe7 16. Kh1 Bc6 17. Bf3 Rad8 18. Rae1 Be5 19. Nd5 Qd6 20. Bxe5 Qxe5 21. f6
Bxd5 22. exd5 Qxf6 23. Qxc7 Rd7 24. Qe5 Qxe5 25. Rxe5 Rfd8 26. Rd1 f6 27. Re2
Nxd5 28. Red2 Nb6 29. Rxd7 Rxd7 30. Rxd7 Nxd7 31. Bxb7 Kf7 32. Kg1 Ke7 33. Be4
Kd6 34. Kf2 Ke5 35. Ke3 Nc5 36. Bc2 Ne6 37. b4 Nf4 38. Be4 f5 39. Bf3 Nd5+ 40.
Bxd5 Kxd5 41. Kf4 Kc4 42. Kg5 Kxb4 43. Kh6 Ka3 44. Kxh7 g5 45. Kg6 g4 46. Kxf5
gxh3 47. gxh3 Kxa2 48. h4 a5 49. h5 a4 50. h6 a3 51. h7 Kb1 52. h8=Q a2 53. Qb8+
Kc2 1/2-1/2

[Event "Druzynowe Mistrzostwa Polski Juniorow - Ekstraliga"]
[Site "Osrodek Wczasowo - Szkoleniowy "Relax" ul. Stroma 20, 43-450 Ustron"]
[Date "2011-07-01"]
[Round "8.27"]
[White "Snihur, Piotr"]
[Black "Piotrowski, Przemyslaw"]
[Result "1/2-1/2"]
[WhiteTitle "I"]
[BlackTitle "II+"]
[WhiteElo "1859"]
[BlackElo "1953"]

1. e4 e5 2. Nf3 Nf6 3. Nc3 Nc6 4. d3 Bb4 5. Bd2 d6 6. h3 Be6 7. Be2 Qd7 8. a3 Ba5
9. b4 Bb6 10. Na4 Ne7 11. Nxb6 axb6 12. O-O h6 13. Be3 g5 14. Nh2 Ng6 15. Bf3
Nf4 16. d4 Qe7 17. Bxf4 gxf4 18. dxe5 dxe5 19. Qe2 Rg8 20. Kh1 c6 21. c4 Kf8 22.
Qc2 Kg7 23. Be2 Nh7 24. Bg4 Bxg4 25. Nxg4 h5 26. Nh2 Ng5 27. Qe2 Kh6 28. Nf3 Nxf3
29. Qxf3 Qe6 30. Qc3 Rgd8 31. Rfd1 f6 32. Rd3 Rd6 33. Rad1 Rad8 1/2-1/2

[Event "Druzynowe Mistrzostwa Polski Juniorow - Ekstraliga"]
[Site "Osrodek Wczasowo - Szkoleniowy "Relax" ul. Stroma 20, 43-450 Ustron"]
[Date "2011-07-01"]
[Round "8.28"]
[White "Gajdamowicz, Patrick"]
[Black "Mirski, Michal"]
[Result "1/2-1/2"]
[WhiteTitle "I"]
[BlackTitle "II+"]
[WhiteElo "1869"]
[BlackElo "1787"]

1. Nf3 c5 2. c4 Nc6 3. Nc3 g6 4. g3 Bg7 5. Bg2 d6 6. O-O e5 7. d3 h6 8. a3 Be6
9. Rb1 Qd7 10. b4 Rc8 11. bxc5 dxc5 12. Nd2 b6 13. Qa4 Nge7 14. Qb5 O-O 15. a4
Bh3 16. Nb3 Bxg2 17. Kxg2 Qe6 18. a5 Nd4 19. Nxd4 exd4 20. Na4 Rc6 21. axb6 axb6
22. Rb2 Kh7 23. Qa6 Be5 24. Rxb6 Rfc8 25. Rxc6 Rxc6 26. Qb5 Bd6 27. Re1 Qc8 28.
e4 f6 29. Nb6 Qe6 30. Nd5 Rc8 31. Nxe7 Qxe7 32. Bf4 Rb8 33. Qc6 Bxf4 34. gxf4
g5 35. fxg5 hxg5 36. Qd5 Rb3 37. Qf5+ Kg7 38. e5 Qb7+ 39. Kh3 Qf7 40. Kg4 Rb6
41. e6 Qb7 42. Qd5 Qc7 43. Qd7+ Qxd7 44. exd7 Rd6 45. Re7+ Kg6 46. d8=Q Rxd8 47.
Rc7 Ra8 48. Rxc5 Ra3 49. Rd5 Rxd3 50. h4 gxh4 51. Kxh4 1/2-1/2

[Event "Druzynowe Mistrzostwa Polski Juniorow - Ekstraliga"]
[Site "Osrodek Wczasowo - Szkoleniowy "Relax" ul. Stroma 20, 43-450 Ustron"]
[Date "2011-07-01"]
[Round "8.29"]
[White "Mucha, Magdalena"]
[Black "Chenska, Karolina"]
[Result "1/2-1/2"]
[WhiteTitle "WCM"]
[BlackTitle "I"]
[WhiteElo "1835"]
[BlackElo "1662"]

1. b3 d5 2. Bb2 c5 3. f4 e6 4. Nf3 Nc6 5. e3 Nf6 6. Bb5 Bd7 7. O-O Be7 8. Bxc6
Bxc6 9. Ne5 O-O 10. d3 d4 11. Nxc6 bxc6 12. e4 Qc7 13. Nd2 Nd7 14. Nc4 Nb6 15.
Nd2 Rab8 16. a4 f5 17. g3 e5 18. a5 Nc8 19. Qf3 exf4 20. gxf4 Rf6 21. Nc4 Qd7
22. Rad1 Bd8 23. Kh1 Ne7 24. Rg1 Ng6 25. Bc1 Bc7 26. e5 Rf7 27. Rxg6 hxg6 28.
Qg3 Qd5+ 29. Kg1 Re8 30. Kf2 Re6 31. Bd2 Bd8 32. Rg1 Bc7 33. h4 Kf8 34. Rg2 Ke8
35. Rh2 Kd7 36. Ke2 Kc8 37. Kd1 Kd7 38. Ke2 Kc8 39. Qg1 Qd7 40. Rg2 Qe8 41. Rxg6
Rxg6 42. Qxg6 Rf8 43. Qg5 Qf7 44. Be1 Rh8 45. Qg2 Kd7 46. Kd2 Rh6 47. Qf3 Qg6
48. Kc1 Qg1 49. Kd2 Rg6 50. Bf2 Qg4 51. Ke2 Qxf3+ 52. Kxf3 Rg4 53. Bg3 g6 54.
a6 Bd8 55. e6+ Kxe6 56. Ne5 Bxh4 57. Nxg4 fxg4+ 58. Kxg4 Bxg3 59. Kxg3 Kf5 60.
Kf3 Ke6 61. Kg4 Kf6 62. Kg3 Kf5 63. Kf3 Ke6 1/2-1/2